00365nam a22001217a 4500020001600000082001000016100001700026245007400043260003600117300002700153650003800180700002500218 qHard Cover. a624.1 aAli, Zakawat aShear Behaviour of Ordinary Strength RC Slender Beams /cZakawat Ali. aIslamabad:bSCEE - NUST,c2016. a80 p. :bill. ;c30cm. aStructural Engineering MS-Thesis. aDr. Shaukat Ali Khan